000
00204 a2200097 4500
020
_a
9781490037592
041
_a
spa
100
_a
Matthew Swain
245
_a
Midiario de observacion de pajaros
942
_c
K
999
_c
27547
_d
27547